Vietnam War Countries by Flag - Statistics

General Stats
  • This quiz has been taken 367 times
  • The average score is 11 of 12
Answer Stats
Picture Hint Answer % Correct
5,099 South Korea
97%
58,315 United States
97%
500 Australia
96%
273,000 Cambodia
96%
1,446 China
96%
1,062,000 North Vietnam
96%
741,000 South Vietnam
96%
39 New Zealand
94%
16 Soviet Union
94%
351 Thailand
94%
25 Taiwan
90%
62,000 Laos
87%
No matching quizzes found
Score Distribution
Percent of People with Each Score
Percentile by Number Answered
Your Score History
You have not taken this quiz